Megafauna of Antarctica - Statistics

General Stats
  • This quiz has been taken 64 times
  • The average score is 3 of 8
Answer Stats
Picture Answer % Correct
Emperor Penguin
98%
Leopard Seal
75%
Southern Elephant Seal
26%
Weddell Seal
23%
Antarctic Fur Seal
21%
Crabeater Seal
17%
Ross Seal
17%
Subantarctic Fur Seal
9%
No matching quizzes found
Score Distribution
Percent of People with Each Score
Percentile by Number Answered
Your Score History
You have not taken this quiz